Cambios y continuidades de la unión libre en México: el caso de las jóvenes en Tijuana /

Uloženo v:
Podrobná bibliografie
Hlavní autor: Ojeda, Norma
Médium: Text
Tagy: Přidat tag
Žádné tagy, Buďte první, kdo vytvoří štítek k tomuto záznamu!

MARC

LEADER 00000 a a2200000 04500
001 48856
003
040
100 |a Ojeda, Norma  
245 |a Cambios y continuidades de la unión libre en México:   |b el caso de las jóvenes en Tijuana /  |c Norma Ojeda  
773 |a volumen21, número42, (2013), páginas 193-224 : tablas  
999 |c 26614  |d 26614